000 01332nam a2200265 a 4500
001 53596
003 BD-RjUL
005 20211209080005.0
008 161018s1984 bg ||||| |||| 00| 0 ben d
020 _c: TK 50.00
035 _a(BD-RjUL)53718
040 _aBD-RjUL
_bben
_cBD-RjUL
041 _aben
082 _223
_a530
_bMAP 1984-1985
100 _aমাসুদ, আ.র.ম.
_9160172
245 1 0 _aপদার্থবিদ্যা /
_cআ. র. ম. মাসুদ, মুস্তফা হামিদ হোসেন, মুহম্মদ গোলাম হোসেন
260 _aঢাকা :
_bবাংলা একাডেমী,
_c১৯৮৩-১৯৮৫
300 _aখণ্ড. :
_bচিত্র ;
_c২৩ সেমি.
505 0 _aখণ্ড ১ [বলবিদ্যা, তরঙ্গ ও তাপবিদ্যা] ..খণ্ড ২ [তড়িৎ বিদ্যা] -- খণ্ড ৩, [আলোকবিজ্ঞান ও আধুনিক পদার্থবিজ্ঞান].
650 _aপদার্থবিজ্ঞান
_9160173
650 _aPhysics
_9160174
700 _aহোসেন, মুস্তফা হামিদ
_9144563
700 _aহোসেন, মুহম্মদ গোলাম
_9160175
942 _2ddc
_cBK
999 _c53596
_d53596